000 01204nam a2200325 i 4500
001 35706
003 KOSZ 005
005 20220425083614.0
008 000320s1967 pl a f 001 0 pol
040 _aWA N
_cWA N
_dKOSZ 005/RW
_dKOSZ 005/HR
041 1 _apol
_heng
080 _a53
080 _a(07)
100 1 _aResnick, Robert
_d(1923-2014)
_eAutor
245 1 0 _aFizyka dla studentów nauk przyrodniczych i technicznych.
_nT. 2 /
_cD. Halliday, R. Resnick, ; [z ang. tł. Wojciech Ratyński, Teresa Korgowd].
260 _aWarszawa :
_bPaństwowe Wydawnictwo Naukowe,
_c1967.
300 _a798 s. :
_bil., tab., wykr. ;
_c21 cm.
380 _aKsiążki
388 _a1901-2000
504 _aIndeks.
650 4 _aFizyka
655 4 _aPodręczniki akademickie
658 _aFizyka i astronomia
700 1 _aRatyński, Wojciech
_d(1932-2007)
_eTłumaczenie
700 1 _aHalliday, David
_d(1916-2010)
_eAutor
700 1 _aKorgowd, Teresa
_eTłumaczenie
710 2 _aPaństwowe Wydawnictwo Naukowe
_4pbl.
856 _uhttp://koha.tu.koszalin.pl/cgi-bin/koha/opac-detail.pl?biblionumber=35706
_yKatalog online BPK
942 _2UKD
_cKS
999 _c35706
_d35706